000 00606cam a2200205 4500500
005 20260405002945.0
041 _afre
042 _adc
100 1 0 _aPortevin, Catherine
_eauthor
245 0 0 _aPendant que j’y pense / octobre 2019
260 _c2019.
500 _a75
690 _aÉternité
690 _aJeunesse
690 _aPascal Bruckner
690 _aTemps
690 _aVieillesse
786 0 _nPhilosophie magazine | 133 | 10 | 2019-10-01 | p. 39-39 | 1951-1787
856 4 1 _uhttps://shs.cairn.info/magazine-philosophie-magazine-2019-10-page-39?lang=fr&redirect-ssocas=7080
999 _c2062925
_d2062925